| 000 | nam a22 7a 4500 | ||
|---|---|---|---|
| 999 |
_c330995 _d330995 |
||
| 003 | NUST | ||
| 005 | 20170828122011.0 | ||
| 008 | 170828b xxu||||| |||| 00| 0 eng d | ||
| 020 | _a9789693522556 | ||
| 020 | _a9693522559 | ||
| 040 | _cNust | ||
| 082 |
_a930.01 _bSHE |
||
| 100 |
_aGhafer Shehzad _94317 |
||
| 245 |
_aPunjab main khanqahi culture / _cby Ghafer Shehzad |
||
| 260 |
_aLahore: _bSang-e- Meel Publications, _c2009 |
||
| 300 |
_a164 p. _bill. |
||
| 546 | _aIn urdu | ||
| 650 |
_aSufism - Islam - Architecture _94318 |
||
| 880 |
_6100-01\(3\r _aغافر شہزاد |
||
| 880 |
_6245-02\(3\r _aپنجاب میں خانقاہی کلچر _cغافر شہزاد |
||
| 880 |
_6260-03\(3\r _aلاہور: _bسنگ میل پبلی کیشنز، _c2009 |
||
| 942 |
_2ddc _cBK |
||